000 00494nam a2200181Ia 4500
008 220216s9999 xx 000 0 und d
100 _aLakshmanan R.
245 0 _aGrowth response of sprouted rubber seeds to pre-plant application of diuron
260 _bIndian Journal of Natural Rubber Research
_c1998
300 _a46-49
650 _aDiuron
650 _aHerbicide
650 _aSeedling
650 _aSprouting
650 _aWeed control
700 _aPunnoose K.I.
942 _cBS
999 _c51110
_d51110